[Event "2. Bundesliga Ost 2017/2018"]
[Site "alle Wien"]
[Date "2017.11.18"]
[Round "3"]
[Board "5"]
[White "Chirita-Mihaila, Marius-Consta"]
[Black "Lampl, Gerald"]
[Result "0-1"]
[WhiteElo "2086"]
[BlackElo "2108"]
[PlyCount "68"]
[EventDate "2017.10.21"]
[EventType "team"]
[EventRounds "11"]
[EventCountry "AUT"]
[WhiteTeam "tschaturanga"]
[BlackTeam "SK Sparkasse Bad Voeslau"]

1. c4 e5 2. g3 Nf6 3. Bg2 Nc6 4. Nc3 Bb4 5. e4 O-O 6. Nge2 Re8 7. O-O Nd4 8. d3
c6 9. Nxd4 exd4 10. Ne2 Bc5 11. Bg5 h6 12. Bxf6 Qxf6 13. f4 d6 14. h3 a5 15. f5
Qe5 16. Nf4 g5 17. fxg6 fxg6 18. Nxg6 Qxg3 19. Nf4 Re5 20. Nh5 Qg5 21. Nf6+ Kg7
22. Kh2 Be6 23. Rf3 Rf8 24. Rg3 Qxg3+ 25. Kxg3 Rxf6 26. Bf3 d5 27. cxd5 cxd5
28. exd5 Rg5+ 29. Bg4 Bd6+ 30. Kh4 Bxg4 31. hxg4 Rf2 32. Qg1 Rh2+ 33. Qxh2 Bxh2
34. Re1 Bd6  0-1

[Event "2. Bundesliga Ost 2017/2018"]
[Site "alle Wien"]
[Date "2017.11.18"]
[Round "3"]
[Board "6"]
[White "Dittel, Herbert"]
[Black "Leitner, Gerald"]
[Result "1/2-1/2"]
[WhiteElo "2067"]
[BlackElo "2118"]
[PlyCount "131"]
[EventDate "2017.10.21"]
[EventType "team"]
[EventRounds "11"]
[EventCountry "AUT"]
[WhiteTeam "SK Sparkasse Bad Voeslau"]
[BlackTeam "tschaturanga"]

1. d4 Nf6 2. Nf3 e6 3. e3 b6 4. Bd3 Bb7 5. O-O c5 6. c4 Be7 7. Nc3 O-O 8. e4
cxd4 9. Nxd4 d6 10. Be3 Nbd7 11. f3 a6 12. Qd2 Qc7 13. b3 Rac8 14. Rac1 Rfe8
15. Rfd1 Bf8 16. Bf1 Qb8 17. Nc2 h6 18. Bf2 Nh5 19. Ne3 Bc6 20. Nc2 Ba8 21. Nd4
Qc7 22. Nde2 Rb8 23. Nf4 Nhf6 24. Nfe2 Red8 25. Nd4 Ne5 26. Be3 Re8 27. Na4 Qb7
28. Nc3 Rbd8 29. Qf2 d5 30. cxd5 exd5 31. Nxd5 Nxd5 32. exd5 Rxd5 33. Nc2 Rxd1
34. Rxd1 b5 35. Qd2 Qc6 36. Qf2 Qg6 37. Kh1 Rc8 38. Rd2 Qf5 39. Nd4 Qb1 40. Rb2
Qa1 41. Rd2 Qb1 42. Rb2 Qg6 43. Rc2 Rd8 44. h3 Nd3 45. Bxd3 Qxd3 46. Rd2 Qb1+
47. Qg1 Qg6 48. Qc1 Re8 49. Rc2 Bd5 50. Bg1 Qg5 51. Qxg5 hxg5 52. Bf2 Bd6 53.
Kg1 Kf8 54. Nf5 Bb4 55. Bc5+ Bxc5+ 56. Rxc5 Be6 57. Nd4 f6 58. Nxe6+ Rxe6 59.
Kf2 g6 60. Rc2 Ke7 61. b4 Kd7 62. a3 Kd6 63. Rc5 f5 64. g3 Re5 65. Rc8 Re6 66.
Rc5  1/2-1/2

[Event "2. Bundesliga Ost 2017/2018"]
[Site "alle Wien"]
[Date "2017.11.18"]
[Round "3"]
[Board "1"]
[White "Schroll, Gerhard"]
[Black "Markos, Jan"]
[Result "1/2-1/2"]
[WhiteElo "2293"]
[BlackElo "2562"]
[PlyCount "142"]
[EventDate "2017.10.21"]
[EventType "team"]
[EventRounds "11"]
[EventCountry "AUT"]
[WhiteTeam "ASVOE Mattersburg"]
[BlackTeam "ASVOE Pamhagen 2"]

1. e4 c5 2. c3 d6 3. d4 Nd7 4. Be3 Ngf6 5. Nd2 b6 6. f3 g6 7. Bd3 Bg7 8. Ne2
O-O 9. O-O Bb7 10. a4 a6 11. g4 cxd4 12. cxd4 e5 13. d5 Nc5 14. Nc4 a5 15. Ng3
Ba6 16. Be2 Ne8 17. Rb1 Bf6 18. b4 axb4 19. Rxb4 Bxc4 20. Bxc4 Bg5 21. Bf2 Nc7
22. Qc2 Qd7 23. Rxb6 Rxa4 24. Bxc5 dxc5 25. Bb5 Qd8 26. Qxa4 Nxd5 27. Ra6 Ne3
28. Ra1 Qd2 29. Qa2 Nc2 30. Rf1 Qd4+ 31. Kh1 Nb4 32. Qe2 Nxa6 33. Rd1 Qc3 34.
Bxa6 Rb8 35. Qd3 Qd4 36. Qc2 Qe3 37. Qe2 Qa3 38. Bc4 Rb2 39. Qd3 Qxd3 40. Rxd3
Rc2 41. Bb3 Rc1+ 42. Rd1 Rc3 43. Bd5 Rxf3 44. Rf1 Rxf1+ 45. Nxf1 Kg7 46. Kg2 f6
47. Kf3 Bf4 48. h3 Kh6 49. h4 Kg7 50. Ne3 h5 51. Nc4 Kh6 52. gxh5 Kxh5 53. Bf7
Bc1 54. Nd6 Ba3 55. Ne8 Kh6 56. h5 gxh5 57. Nd6 Bb4 58. Be6 Kg5 59. Bf7 Ba3 60.
Nc4 Bb4 61. Be6 Kh6 62. Nb6 Kg5 63. Nc4 Kh6 64. Bf5 Kg5 65. Nd6 Kh6 66. Ke2 Kg5
67. Kf3 Kh6 68. Nf7+ Kg7 69. Be6 Kg6 70. Nd8 c4 71. Bf7+ Kg5  1/2-1/2

[Event "2. Bundesliga Ost 2017/2018"]
[Site "alle Wien"]
[Date "2017.11.18"]
[Round "3"]
[Board "2"]
[White "Galyas, Miklos"]
[Black "Brod, Manfred"]
[Result "1-0"]
[WhiteElo "2506"]
[BlackElo "2244"]
[PlyCount "87"]
[EventDate "2017.10.21"]
[EventType "team"]
[EventRounds "11"]
[EventCountry "AUT"]
[WhiteTeam "ASVOE Pamhagen 2"]
[BlackTeam "ASVOE Mattersburg"]

1. c4 c5 2. g3 Nc6 3. Bg2 g6 4. Nc3 Bg7 5. a3 a5 6. Nf3 e5 7. O-O d6 8. Ne1 Be6
9. d3 Nge7 10. Nc2 d5 11. cxd5 Nxd5 12. Ne3 Nb6 13. Bxc6+ bxc6 14. Na4 Nd7 15.
Qc2 Qe7 16. Bd2 O-O 17. Rfc1 Rfb8 18. Nc4 Qd8 19. Rab1 Bf8 20. Be3 Rb5 21. Nc3
Rbb8 22. Ne4 f5 23. Bg5 Be7 24. Bxe7 Qxe7 25. Ned2 Rb5 26. b3 h6 27. Qc3 Bf7
28. Nf3 e4 29. dxe4 fxe4 30. Nfe5 Nxe5 31. Nxe5 Qe6 32. Nxf7 Kxf7 33. a4 Rb4
34. Qxc5 Ra6 35. Rd1 Qe7 36. Rd6 Rab6 37. Rbd1 Rb7 38. Qxc6 R7b6 39. Qd5+ Kf8
40. Rd8+ Kg7 41. Qg8+ Kf6 42. Rf8+ Kg5 43. Qd5+ Kg4 44. Rf4+  1-0

[Event "2. Bundesliga Ost 2017/2018"]
[Site "alle Wien"]
[Date "2017.11.18"]
[Round "3"]
[Board "3"]
[White "Strodl, Joachim"]
[Black "Lipka, Juraj"]
[Result "1/2-1/2"]
[WhiteElo "2164"]
[BlackElo "2416"]
[PlyCount "87"]
[EventDate "2017.10.21"]
[EventType "team"]
[EventRounds "11"]
[EventCountry "AUT"]
[WhiteTeam "ASVOE Mattersburg"]
[BlackTeam "ASVOE Pamhagen 2"]

1. c4 e6 2. g3 d5 3. Bg2 dxc4 4. Qa4+ c6 5. Qxc4 b5 6. Qc2 Bb7 7. Nf3 Nf6 8.
O-O Nbd7 9. b3 Be7 10. Bb2 c5 11. d3 O-O 12. Nbd2 Nd5 13. a3 N7b6 14. Rfd1 Rc8
15. e4 Nf6 16. Nf1 a5 17. Ne3 a4 18. Rab1 Ba6 19. Bf1 axb3 20. Qxb3 Qc7 21. Be5
Qa7 22. Nd2 Rfd8 23. Bc3 Nfd7 24. Nf3 Na4 25. Ba1 Nf6 26. Ne5 Nd7 27. Nf3 Qc7
28. Ng4 Ndb6 29. Nge5 c4 30. dxc4 bxc4 31. Rxd8+ Rxd8 32. Qa2 f6 33. Ng4 Qc5
34. Ne3 Kf8 35. Qc2 Qxa3 36. e5 f5 37. Nd4 Bc8 38. Bxc4 Nxc4 39. Qxc4 Nc5 40.
Nc6 Ba6 41. Qc1 Qxc1+ 42. Rxc1 Rc8 43. Nxe7 Kxe7 44. Bd4  1/2-1/2

[Event "2. Bundesliga Ost 2017/2018"]
[Site "alle Wien"]
[Date "2017.11.18"]
[Round "3"]
[Board "4"]
[White "Alvir, Aco"]
[Black "Salamon, Werner"]
[Result "1/2-1/2"]
[WhiteElo "2337"]
[BlackElo "2162"]
[PlyCount "87"]
[EventDate "2017.10.21"]
[EventType "team"]
[EventRounds "11"]
[EventCountry "AUT"]
[WhiteTeam "ASVOE Pamhagen 2"]
[BlackTeam "ASVOE Mattersburg"]

1. e4 e5 2. Nf3 Nc6 3. Bb5 d6 4. d4 exd4 5. Nxd4 Bd7 6. O-O Nf6 7. Nc3 Be7 8.
Nde2 O-O 9. Ng3 Re8 10. f4 Bf8 11. Be2 g6 12. Bf3 Bg7 13. Re1 Rb8 14. Be3 a6
15. Qd2 Bg4 16. Rad1 Bxf3 17. gxf3 Nd7 18. e5 Qh4 19. Bf2 Qh3 20. exd6 cxd6 21.
Rxe8+ Rxe8 22. Nce4 Nf8 23. Ng5 Qd7 24. c4 h6 25. N5e4 Qh3 26. b3 Ne6 27. Be3
Qh4 28. f5 Ned4 29. Qg2 Nxf5 30. Nxf5 gxf5 31. Bf2 Qe7 32. Nxd6 Rd8 33. c5 Kh7
34. Qh3 Qg5+ 35. Kh1 Ne5 36. Rf1 Nd3 37. Bh4 Qh5 38. Qxf5+ Qxf5 39. Nxf5 Rd5
40. Nxg7 Kxg7 41. Rg1+ Kf8 42. Bg3 Nxc5 43. Bf4 h5 44. Rc1  1/2-1/2

[Event "2. Bundesliga Ost 2017/2018"]
[Site "alle Wien"]
[Date "2017.11.18"]
[Round "3"]
[Board "5"]
[White "Wiedner, Robert"]
[Black "Franzen, Jozef"]
[Result "1/2-1/2"]
[WhiteElo "2157"]
[BlackElo "2267"]
[PlyCount "99"]
[EventDate "2017.10.21"]
[EventType "team"]
[EventRounds "11"]
[EventCountry "AUT"]
[WhiteTeam "ASVOE Mattersburg"]
[BlackTeam "ASVOE Pamhagen 2"]

1. e4 g6 2. d4 Bg7 3. c3 d6 4. Nd2 Nf6 5. Be2 c5 6. d5 O-O 7. h3 e6 8. dxe6
Bxe6 9. Ngf3 d5 10. exd5 Bxd5 11. O-O Nc6 12. Nc4 Qc7 13. Be3 Rad8 14. Qc1 Rfe8
15. Bf4 Qc8 16. Ne3 Be4 17. Rd1 Nd5 18. Bg5 Rd7 19. Nd2 Nxe3 20. Bxe3 Bf5 21.
Nc4 Rxd1+ 22. Qxd1 Qe6 23. Qd6 Bf8 24. Qxe6 Bxe6 25. Rd1 Rd8 26. Rxd8 Nxd8 27.
a3 Bd5 28. Ne5 Ne6 29. f3 b6 30. Kf2 Bd6 31. Ng4 Be7 32. Ne5 Kg7 33. Bb5 Bd6
34. Bc4 Bb7 35. Bh6+ Kf6 36. Ng4+ Ke7 37. g3 f6 38. h4 f5 39. Ne3 f4 40. gxf4
Nxf4 41. b3 Be5 42. Ng4 Bd6 43. Bg5+ Kf8 44. Nf6 Nh3+ 45. Ke3 Nxg5 46. hxg5 Be7
47. Nxh7+ Kg7 48. Nf6 Bxf6 49. gxf6+ Kxf6 50. f4  1/2-1/2

[Event "2. Bundesliga Ost 2017/2018"]
[Site "alle Wien"]
[Date "2017.11.18"]
[Round "3"]
[Board "6"]
[White "Lovrinovic, Christian"]
[Black "Savio, Alfred Jun."]
[Result "1-0"]
[WhiteElo "2142"]
[BlackElo "1991"]
[PlyCount "87"]
[EventDate "2017.10.21"]
[EventType "team"]
[EventRounds "11"]
[EventCountry "AUT"]
[WhiteTeam "ASVOE Pamhagen 2"]
[BlackTeam "ASVOE Mattersburg"]

1. d4 Nf6 2. c4 e6 3. Nc3 Bb4 4. Nf3 c5 5. g3 O-O 6. Bg2 d5 7. cxd5 cxd4 8.
Nxd4 Nxd5 9. Bd2 Nxc3 10. bxc3 Bc5 11. Nb3 Be7 12. O-O Nc6 13. Qc2 Qc7 14. Rac1
e5 15. Be3 b6 16. Nd4 Bb7 17. Nf5 Bf6 18. g4 Ne7 19. Bxb7 Qxb7 20. g5 Qd7 21.
Ng3 Bxg5 22. Bxg5 f6 23. Be3 f5 24. Bg5 Ng6 25. Rcd1 Qe6 26. Qb3 Qxb3 27. axb3
f4 28. Ne4 h6 29. Rd6 Kh7 30. Rxg6 Kxg6 31. Be7 Rf7 32. Bd6 Kf5 33. f3 Rd7 34.
Rd1 Rc8 35. Rd5 Re8 36. c4 Re6 37. b4 a5 38. bxa5 bxa5 39. c5 Rd8 40. c6 Ra8
41. c7 Ree8 42. Rb5 a4 43. Ba3 Ke6 44. Nd6  1-0

[Event "2. Bundesliga Ost 2017/2018"]
[Site "alle Wien"]
[Date "2017.11.18"]
[Round "3"]
[Board "1"]
[White "Neubauer, Martin"]
[Black "Schwarhofer, Christopher"]
[Result "1/2-1/2"]
[WhiteElo "2439"]
[BlackElo "2370"]
[PlyCount "86"]
[EventDate "2017.10.21"]
[EventType "team"]
[EventRounds "11"]
[EventCountry "AUT"]
[WhiteTeam "L.A. Kraftanlage Ottakring 2"]
[BlackTeam "Blackburne Nickelsdorf"]

1. e4 d5 2. exd5 Qxd5 3. Nc3 Qd6 4. d4 c6 5. Nf3 Bg4 6. h3 Bxf3 7. Qxf3 Qxd4 8.
Be3 Qf6 9. Qg3 Qd6 10. Bf4 Qe6+ 11. Be2 Nd7 12. O-O-O Ngf6 13. Rhe1 Qf5 14. Bg4
Qg6 15. Bxd7+ Nxd7 16. Ne4 e6 17. Qd3 O-O-O 18. Nd6+ Bxd6 19. Qxd6 e5 20. Qxg6
hxg6 21. Bxe5 Nxe5 22. Rxe5 Rxd1+ 23. Kxd1 Kd7 24. Ke2 Re8 25. Rxe8 Kxe8 26.
Kf3 Ke7 27. Kf4 Ke6 28. Kg5 Ke5 29. h4 Ke4 30. f4 c5 31. g4 c4 32. f5 gxf5 33.
gxf5 Ke5 34. h5 b5 35. b4 cxb3 36. cxb3 b4 37. f6 gxf6+ 38. Kh6 f5 39. Kg7 f4
40. h6 f3 41. h7 f2 42. h8=Q f1=Q 43. Qb8+ Ke6  1/2-1/2

[Event "2. Bundesliga Ost 2017/2018"]
[Site "alle Wien"]
[Date "2017.11.18"]
[Round "3"]
[Board "2"]
[White "Lendwai, Reinhard"]
[Black "Gstach, Jakob"]
[Result "1-0"]
[WhiteElo "2389"]
[BlackElo "2285"]
[PlyCount "63"]
[EventDate "2017.10.21"]
[EventType "team"]
[EventRounds "11"]
[EventCountry "AUT"]
[WhiteTeam "Blackburne Nickelsdorf"]
[BlackTeam "L.A. Kraftanlage Ottakring 2"]

1. c4 g6 2. Nc3 Bg7 3. g3 Nf6 4. Bg2 O-O 5. e4 c5 6. Nge2 Nc6 7. d3 Ne8 8. Be3
Nd4 9. O-O d6 10. Rb1 Nc7 11. a3 a5 12. h3 Bd7 13. a4 Bc6 14. f4 f5 15. Nb5
Nxe2+ 16. Qxe2 Ne6 17. exf5 gxf5 18. Rfe1 Bxb5 19. axb5 Nd4 20. Bxd4 Bxd4+ 21.
Kh2 e5 22. Bxb7 Ra7 23. Bd5+ Kh8 24. Qf3 Rg7 25. Re2 Rf6 26. Rbe1 h6 27. Qh5 a4
28. Rf1 Qa5 29. fxe5 Bxe5 30. Rxf5 Qd8 31. Rxf6 Qxf6 32. Qe8+  1-0

[Event "2. Bundesliga Ost 2017/2018"]
[Site "alle Wien"]
[Date "2017.11.18"]
[Round "3"]
[Board "3"]
[White "Steiner, Adam"]
[Black "Bachofner, Andreas"]
[Result "1-0"]
[WhiteElo "2179"]
[BlackElo "2186"]
[PlyCount "59"]
[EventDate "2017.10.21"]
[EventType "team"]
[EventRounds "11"]
[EventCountry "AUT"]
[WhiteTeam "L.A. Kraftanlage Ottakring 2"]
[BlackTeam "Blackburne Nickelsdorf"]

1. e4 d5 2. exd5 Qxd5 3. Nc3 Qa5 4. d4 Nf6 5. Bc4 c6 6. Bd2 Bf5 7. Nf3 e6 8.
Qe2 Bb4 9. O-O Nbd7 10. a3 Bxc3 11. Bxc3 Qc7 12. Bb3 O-O 13. Rfd1 a5 14. Rac1
a4 15. Ba2 Rfe8 16. Ne5 Ne4 17. Be1 Nxe5 18. dxe5 Qxe5 19. f3 Qc5+ 20. Kh1 Nf6
21. c4 Qe7 22. Bh4 h6 23. Qe5 Rad8 24. Qa5 g5 25. Be1 Nd7 26. Qc7 e5 27. c5 Rc8
28. Qd6 Qxd6 29. Rxd6 Kg7 30. g4  1-0

[Event "2. Bundesliga Ost 2017/2018"]
[Site "alle Wien"]
[Date "2017.11.18"]
[Round "3"]
[Board "4"]
[White "Gutsch, Franz"]
[Black "Steindl, Johannes"]
[Result "0-1"]
[WhiteElo "2078"]
[BlackElo "2236"]
[PlyCount "70"]
[EventDate "2017.10.21"]
[EventType "team"]
[EventRounds "11"]
[EventCountry "AUT"]
[WhiteTeam "Blackburne Nickelsdorf"]
[BlackTeam "L.A. Kraftanlage Ottakring 2"]

1. d4 Nf6 2. Nf3 g6 3. Bf4 Bg7 4. Nc3 d5 5. Qd2 c5 6. e3 Nc6 7. Ne5 O-O 8. Be2
Nd7 9. Nxd7 Bxd7 10. dxc5 d4 11. exd4 Nxd4 12. O-O Qa5 13. Be3 Rfd8 14. Bd3 Bf5
15. Bxd4 Rxd4 16. Qe3 Bxd3 17. cxd3 Qxc5 18. Rac1 Qe5 19. Qf3 Rb8 20. Rfe1 Qg5
21. Ne4 Qd5 22. Qg3 Rd8 23. Nc3 Qd7 24. Qe3 e6 25. Ne2 Rxd3 26. Qxa7 Bxb2 27.
Rb1 Rd1 28. g3 Rxe1+ 29. Rxe1 Qd2 30. Kf1 Qd5 31. Qb6 Qh1+ 32. Ng1 Bf6 33. Rb1
Rd2 34. Qxb7 Rd1+ 35. Ke2 Qxb7  0-1

[Event "2. Bundesliga Ost 2017/2018"]
[Site "alle Wien"]
[Date "2017.11.18"]
[Round "3"]
[Board "5"]
[White "Bauer, Thomas"]
[Black "Kuntner, Reinhard"]
[Result "1-0"]
[WhiteElo "2168"]
[BlackElo "2055"]
[PlyCount "87"]
[EventDate "2017.10.21"]
[EventType "team"]
[EventRounds "11"]
[EventCountry "AUT"]
[WhiteTeam "L.A. Kraftanlage Ottakring 2"]
[BlackTeam "Blackburne Nickelsdorf"]

1. e4 Nf6 2. e5 Nd5 3. d4 d6 4. Nf3 Bg4 5. Be2 Nc6 6. exd6 exd6 7. O-O Be7 8.
Re1 O-O 9. h3 Bh5 10. a4 a5 11. c3 Kh8 12. Qb3 Nb6 13. Bf4 f6 14. d5 Bf7 15. c4
Ne5 16. Nc3 Nbd7 17. Be3 Nxf3+ 18. Bxf3 Ne5 19. Be4 b6 20. Re2 Qd7 21. f4 Ng6
22. Qc2 Nh4 23. f5 g6 24. g4 gxf5 25. gxf5 Bh5 26. Rf2 Rg8+ 27. Kh2 Bf8 28. Rf4
Bh6 29. Rxh4 Bxe3 30. Rxh5 Qe8 31. Qe2 Qe5+ 32. Kh1 Rg3 33. Rf1 Rag8 34. Qe1
Rg1+ 35. Rxg1 Rxg1+ 36. Qxg1 Bxg1 37. Kxg1 Qd4+ 38. Kh2 Qf2+ 39. Bg2 Qxb2 40.
Ne4 Qe5+ 41. Kg1 Qa1+ 42. Kh2 Qxa4 43. Nxf6 Qxc4 44. Rxh7#  1-0

[Event "2. Bundesliga Ost 2017/2018"]
[Site "alle Wien"]
[Date "2017.11.18"]
[Round "3"]
[Board "6"]
[White "Gratze, Michael"]
[Black "Mayrhuber, Nikola"]
[Result "0-1"]
[WhiteElo "1968"]
[BlackElo "2078"]
[PlyCount "56"]
[EventDate "2017.10.21"]
[EventType "team"]
[EventRounds "11"]
[EventCountry "AUT"]
[WhiteTeam "Blackburne Nickelsdorf"]
[BlackTeam "L.A. Kraftanlage Ottakring 2"]

1. e4 c6 2. d4 d5 3. e5 c5 4. dxc5 e6 5. a3 Bxc5 6. Nf3 Ne7 7. Bd3 Ng6 8. b4
Bb6 9. Bb2 a5 10. b5 Nd7 11. O-O O-O 12. Re1 Nc5 13. Nc3 a4 14. Qd2 Bd7 15.
Bxg6 fxg6 16. Nd4 Ba5 17. Qe3 Qc7 18. Nc6 bxc6 19. Qxc5 Bb6 20. Qb4 Bxf2+ 21.
Kh1 c5 22. Qg4 Bxe1 23. Rxe1 Rf5 24. h4 Raf8 25. Qxa4 Rf1+ 26. Rxf1 Rxf1+ 27.
Kh2 Qxe5+ 28. g3 Rf2+  0-1

[Event "2. Bundesliga Ost 2017/2018"]
[Site "alle Wien"]
[Date "2017.11.18"]
[Round "3"]
[Board "1"]
[White "Smolkov, Igor"]
[Black "Stanec, Nikolaus"]
[Result "0-1"]
[WhiteElo "2305"]
[BlackElo "2470"]
[PlyCount "110"]
[EventDate "2017.10.21"]
[EventType "team"]
[EventRounds "11"]
[EventCountry "AUT"]
[WhiteTeam "SK Hietzing"]
[BlackTeam "SC Donaustadt"]

1. e4 d6 2. d4 Nf6 3. Nc3 Nbd7 4. Bg5 e5 5. f4 h6 6. Bxf6 Qxf6 7. g3 c6 8. Nf3
exd4 9. Nxd4 g6 10. Qd2 Nc5 11. Bg2 Bg7 12. Nb3 Nxb3 13. axb3 O-O 14. O-O Rd8
15. h3 Qd4+ 16. Rf2 Qxd2 17. Rxd2 Bf8 18. Kh2 Re8 19. g4 g5 20. Ne2 Bg7 21. c3
gxf4 22. Nxf4 Be5 23. Kg3 Re6 24. Rf2 Rf6 25. h4 Rg6 26. g5 hxg5 27. hxg5 Rxg5+
28. Kf3 Bd7 29. Bf1 a6 30. Rg2 Rxg2 31. Bxg2 Kf8 32. Bh3 Bxh3 33. Nxh3 Ke7 34.
Rg1 Rh8 35. Nf2 Ke6 36. Rh1 Rxh1 37. Nxh1 a5 38. Nf2 b5 39. Ke3 d5 40. Nd3 dxe4
41. Kxe4 f5+ 42. Ke3 Kd5 43. c4+ Kd6 44. Kf3 bxc4 45. bxc4 a4 46. Ke3 Bxb2 47.
c5+ Ke6 48. Nb4 a3 49. Kd3 f4 50. Ke4 Bc3 51. Na2 Bd2 52. Kd3 Be3 53. Ke4 Kf6
54. Nc3 Bd2 55. Na2 Kg5  0-1

[Event "2. Bundesliga Ost 2017/2018"]
[Site "alle Wien"]
[Date "2017.11.18"]
[Round "3"]
[Board "2"]
[White "Pingitzer, Harald"]
[Black "Penz, Harald"]
[Result "1/2-1/2"]
[WhiteElo "2330"]
[BlackElo "2311"]
[PlyCount "62"]
[EventDate "2017.10.21"]
[EventType "team"]
[EventRounds "11"]
[EventCountry "AUT"]
[WhiteTeam "SC Donaustadt"]
[BlackTeam "SK Hietzing"]

1. d4 d5 2. c4 e6 3. Nf3 Nf6 4. e3 c5 5. a3 Nc6 6. dxc5 Bxc5 7. b4 Be7 8. Bb2
O-O 9. Nc3 dxc4 10. Bxc4 Qxd1+ 11. Rxd1 b6 12. O-O Bb7 13. Rd2 Rfd8 14. Rfd1
Kf8 15. Kf1 Rxd2 16. Rxd2 Rd8 17. h3 Rxd2 18. Nxd2 Bd6 19. Be2 Bb8 20. Bf3 Nd8
21. Ke2 Ke7 22. Bxb7 Nxb7 23. Nf3 Nd8 24. Kd3 Nd7 25. Kc4 a6 26. b5 a5 27. a4
Nc5 28. Ba3 Bd6 29. Bxc5 Bxc5 30. Ne4 Nb7 31. Ne5 Nd6+  1/2-1/2

[Event "2. Bundesliga Ost 2017/2018"]
[Site "alle Wien"]
[Date "2017.11.18"]
[Round "3"]
[Board "3"]
[White "Belke, Frank"]
[Black "Kropik, Martin"]
[Result "1-0"]
[WhiteElo "2299"]
[BlackElo "2107"]
[PlyCount "83"]
[EventDate "2017.10.21"]
[EventType "team"]
[EventRounds "11"]
[EventCountry "AUT"]
[WhiteTeam "SK Hietzing"]
[BlackTeam "SC Donaustadt"]

1. d4 Nf6 2. c4 g6 3. Nc3 d5 4. Nf3 Bg7 5. Bg5 Ne4 6. cxd5 Nxg5 7. Nxg5 c6 8.
dxc6 Nxc6 9. d5 Ne5 10. e4 O-O 11. Be2 e6 12. Qd2 Bh6 13. f4 f5 14. O-O-O fxe4
15. Ncxe4 exd5 16. Qxd5+ Qxd5 17. Rxd5 Rxf4 18. Rxe5 Rxe4 19. Rxe4 Bxg5+ 20.
Kd1 Bf5 21. Rd4 Rc8 22. Bc4+ Kg7 23. Rf1 Be3 24. Rxf5 gxf5 25. Rd7+ Kf6 26. b3
h5 27. Rxb7 Rd8+ 28. Ke2 f4 29. Bd3 h4 30. h3 Rg8 31. Be4 Rd8 32. a4 Rd2+ 33.
Kf3 Ke5 34. Rb5+ Kd4 35. Bc6 Rb2 36. Kg4 Bf2 37. Kxf4 Be1 38. Kg4 a5 39. Rd5+
Kc3 40. Rxa5 Kxb3 41. Re5 Bg3 42. Rb5+  1-0

[Event "2. Bundesliga Ost 2017/2018"]
[Site "alle Wien"]
[Date "2017.11.18"]
[Round "3"]
[Board "4"]
[White "Froewis, Annika"]
[Black "Stadler, Peter"]
[Result "1-0"]
[WhiteElo "2084"]
[BlackElo "2035"]
[PlyCount "35"]
[EventDate "2017.10.21"]
[EventType "team"]
[EventRounds "11"]
[EventCountry "AUT"]
[WhiteTeam "SC Donaustadt"]
[BlackTeam "SK Hietzing"]

1. e4 c5 2. Nf3 e6 3. d4 cxd4 4. Nxd4 Nf6 5. Nc3 d6 6. Be2 a6 7. O-O Qc7 8. f4
Nc6 9. Kh1 Bd7 10. Be3 Be7 11. a4 O-O 12. Qe1 Nxd4 13. Bxd4 e5 14. fxe5 dxe5
15. Qg3 Qd6 16. Bxe5 Qe6 17. Nd5 Ne8 18. Nc7  1-0

[Event "2. Bundesliga Ost 2017/2018"]
[Site "alle Wien"]
[Date "2017.11.18"]
[Round "3"]
[Board "5"]
[White "Prager, Michael"]
[Black "Karlusch, Albrecht"]
[Result "1/2-1/2"]
[WhiteElo "1997"]
[BlackElo "2128"]
[PlyCount "51"]
[EventDate "2017.10.21"]
[EventType "team"]
[EventRounds "11"]
[EventCountry "AUT"]
[WhiteTeam "SK Hietzing"]
[BlackTeam "SC Donaustadt"]

1. e4 e6 2. d4 d5 3. exd5 exd5 4. Bd3 Bd6 5. Qf3 Ne7 6. Ne2 Nbc6 7. c3 h5 8. h3
Be6 9. Bf4 f6 10. Bxd6 Qxd6 11. Nf4 Bf7 12. Nd2 g5 13. Ne2 h4 14. O-O-O O-O-O
15. Rde1 Bh5 16. g4 hxg3 17. Qxg3 Bg6 18. Bxg6 Nxg6 19. f4 Rde8 20. Qg4+ Qd7
21. Qxd7+ Kxd7 22. fxg5 fxg5 23. Kd1 Re3 24. Reg1 Rexh3 25. Rxh3 Rxh3 26. Rxg5
 1/2-1/2

[Event "2. Bundesliga Ost 2017/2018"]
[Site "alle Wien"]
[Date "2017.11.19"]
[Round "4"]
[Board "1"]
[White "Jankovic, Alojzije"]
[Black "Stanec, Nikolaus"]
[Result "1-0"]
[WhiteElo "2568"]
[BlackElo "2470"]
[PlyCount "73"]
[EventDate "2017.10.21"]
[EventType "team"]
[EventRounds "11"]
[EventCountry "AUT"]
[WhiteTeam "SK Advisory Invest Baden"]
[BlackTeam "SC Donaustadt"]

1. d4 Nf6 2. c4 e6 3. Nf3 d5 4. Nc3 Nbd7 5. Qc2 a6 6. cxd5 exd5 7. Bf4 Be7 8.
e3 Nf8 9. h3 Ng6 10. Bh2 O-O 11. Bd3 Re8 12. O-O-O Bb4 13. Kb1 c6 14. g4 Bxc3
15. Qxc3 Ne4 16. Qc2 Be6 17. Ne1 Nf8 18. f3 Nd6 19. Ng2 a5 20. e4 dxe4 21. fxe4
Nb5 22. d5 Bd7 23. Bxb5 cxb5 24. e5 Qb6 25. Rhe1 Rac8 26. Qd3 b4 27. Ne3 Bb5
28. Qd4 Qh6 29. Nf5 Rc4 30. Qd2 Qg6 31. Ka1 b3 32. axb3 Rb4 33. Ka2 Qa6 34. Qc3
Qg6 35. e6 fxe6 36. dxe6 Rxe6 37. Rxe6  1-0

[Event "2. Bundesliga Ost 2017/2018"]
[Site "alle Wien"]
[Date "2017.11.19"]
[Round "4"]
[Board "2"]
[White "Kummer, Helmut"]
[Black "Sharashenidze, Akaki"]
[Result "0-1"]
[WhiteElo "2285"]
[BlackElo "2351"]
[PlyCount "66"]
[EventDate "2017.10.21"]
[EventType "team"]
[EventRounds "11"]
[EventCountry "AUT"]
[WhiteTeam "SC Donaustadt"]
[BlackTeam "SK Advisory Invest Baden"]

1. d4 d6 2. c4 e5 3. Nc3 exd4 4. Qxd4 Nc6 5. Qd2 Nf6 6. b3 a5 7. a3 Be6 8. Nd5
Ne5 9. Nf3 a4 10. Bb2 axb3 11. e3 c6 12. Nxf6+ gxf6 13. Rc1 Rg8 14. Nd4 d5 15.
cxd5 Qxd5 16. f4 Nd7 17. f5 Bxf5 18. Nxf5 Qxf5 19. Bd3 Qh5 20. O-O Bd6 21. g3
Ke7 22. Qf2 Qh6 23. Kg2 Rg5 24. Rc4 Rh5 25. Re4+ Ne5 26. h4 Rg8 27. Qf4 Qg7 28.
Be2 Rh6 29. Bc4 Rg6 30. Rf3 Kd8 31. h5 Rg4 32. Qxf6+ Qxf6 33. Rxf6 Rxe4  0-1

[Event "2. Bundesliga Ost 2017/2018"]
[Site "alle Wien"]
[Date "2017.11.19"]
[Round "4"]
[Board "3"]
[White "Ly, Dominik"]
[Black "Pingitzer, Harald"]
[Result "1-0"]
[WhiteElo "2286"]
[BlackElo "2330"]
[PlyCount "123"]
[EventDate "2017.10.21"]
[EventType "team"]
[EventRounds "11"]
[EventCountry "AUT"]
[WhiteTeam "SK Advisory Invest Baden"]
[BlackTeam "SC Donaustadt"]

1. e4 c6 2. d4 d5 3. Nc3 dxe4 4. Nxe4 Bf5 5. Ng3 Bg6 6. h4 h6 7. Nh3 Nf6 8. Nf4
Bh7 9. Be3 Qb6 10. Bd3 Bxd3 11. Qxd3 Qa6 12. Qb3 Nbd7 13. O-O-O e6 14. Kb1
O-O-O 15. Nd3 Bd6 16. Bf4 Bxf4 17. Nxf4 Nb6 18. Nfh5 Nxh5 19. Nxh5 Qe2 20. Qf3
Qxf3 21. gxf3 g6 22. Nf6 Nd5 23. Ng4 Kd7 24. Rde1 Ke7 25. Ne5 Nf6 26. c3 Rd5
27. Rhg1 Rc8 28. f4 c5 29. f5 cxd4 30. fxe6 fxe6 31. Nxg6+ Kd7 32. Nf4 dxc3 33.
Rg7+ Kc6 34. Nxd5 Kxd5 35. bxc3 b5 36. Rxa7 Rxc3 37. Rb7 Rc5 38. Rc1 Ne4 39.
Rd7+ Kc6 40. Rxc5+ Kxd7 41. Re5 Nc3+ 42. Kb2 Nd1+ 43. Kc2 Nxf2 44. Rxb5 Kc6 45.
Rh5 Ng4 46. Ra5 Kb6 47. Ra4 Ne3+ 48. Kd2 Nf5 49. Re4 Kc5 50. Rxe6 Nxh4 51. Rxh6
Nf3+ 52. Kc3 Ne5 53. Rh5 Kd6 54. Kb4 Nd7 55. Kb5 Kc7 56. Rh7 Kc8 57. a4 Nf6 58.
Rf7 Nd5 59. a5 Kb8 60. Rd7 Nc7+ 61. Kc6 Na6 62. Kb6  1-0